000 00762cam a2200253 a 4500
001 15038806
005 20180123043708.0
008 071010s2008 iaua b 001 0 eng
010 _a 2007280972
020 _a9780073379685 (pbk.)
020 _a10918795155 (pbk.)
040 _aDLC
_cDLC
_dDLC
041 _aeng
080 _a155
082 0 0 _a155
_222
100 _a48
101 _aPSI
245 0 0 _aSources.
_pHuman development /
_cedited by Rhett Diessner.
246 3 0 _aNotable selections in human development
504 _aIncludes bibliographical references and index.
906 _a7
_bcbc
_corigcop
_d2
_encip
_f20
_gy-gencatlg
942 _2ddc
_cBK
999 _c40749
_d40749